La paz que comienza en las palabras (Registro nro. 108285)

Detalles MARC
001 - NÚMERO DE CONTROL
campo de control 314834
005 - FECHA Y HORA DE LA ÚLTIMA TRANSACCIÓN
campo de control 20240923091605.0
008 - DATOS DE LONGITUD FIJA--INFORMACIÓN GENERAL
campo de control de longitud fija 981111e19961001 spa
035 ## - NÚMERO DE CONTROL DEL SISTEMA
Número de control de sistema 314834
035 ## - NÚMERO DE CONTROL DEL SISTEMA
Número de control de sistema (OCoLC)819769961
040 ## - FUENTE DE LA CATALOGACIÓN
Centro/agencia transcriptor comduadb
041 ## - CÓDIGO DE LENGUA
Código de lengua del texto/banda sonora o título independiente spa
100 10 - ENTRADA PRINCIPAL--NOMBRE DE PERSONA
Nombre de persona Restrepo, Javier Darío,
Fechas asociadas al nombre 1932-2019
Código de función aut
Número de control del registro de autoridad o número normalizado (isni)ISNI - 0000 0001 211
-- (viaf)167521
Término indicativo de función/relación Autor/a
9 (RLIN) 864235
245 13 - MENCIÓN DE TÍTULO
Título La paz que comienza en las palabras
650 ## - PUNTO DE ACCESO ADICIONAL DE MATERIA--TÉRMINO DE MATERIA
Término de materia o nombre geográfico como elemento de entrada Medios de comunicación y violencia
9 (RLIN) 25340
650 #7 - PUNTO DE ACCESO ADICIONAL DE MATERIA--TÉRMINO DE MATERIA
Término de materia o nombre geográfico como elemento de entrada Proceso de paz
Fuente del encabezamiento o término lemb
9 (RLIN) 57941
650 #7 - PUNTO DE ACCESO ADICIONAL DE MATERIA--TÉRMINO DE MATERIA
Término de materia o nombre geográfico como elemento de entrada Tolerancia
Fuente del encabezamiento o término lemb
9 (RLIN) 29135
650 #7 - PUNTO DE ACCESO ADICIONAL DE MATERIA--TÉRMINO DE MATERIA
Término de materia o nombre geográfico como elemento de entrada Integración social
Fuente del encabezamiento o término lemb
9 (RLIN) 2213
773 0# - ENLACE AL DOCUMENTO FUENTE/ENTRADA DE REGISTRO ANFITRIÓN
Título Bitácora (Bogotá)
Parte(s) relacionada(s) Volúmen 02, Número 03, Octubre 1996, p. 11-14
Número de control del registro 170547
Número Internacional Normalizado para Publicaciones Seriadas 0122-9206
Número bibliográfico anfitrión 172068
942 ## - ELEMENTOS DE ENTRADA AGREGADA (KOHA)
Tipo de ítem Koha Artículo de Revista

No hay ítems disponibles.